1521 1600 1972 1862 1069 1550 1544 1743 1681 1651 1201 1541 1750 1605 1789 1928 1153 1008 1934 1986 1642 1507 1411 1442 1440 1719 1808 1974 1583 1919 1575 1683 1374 1854 1562 1310 1373 1390 1065 1876 1925 1147 1854 1291 1698 1810 1057 1001 1183 1739 1693 1949 1865 1850 1170 1436 1319 1829 1703 1610 1330 1674 1912 1818 1530 1840 1605 1289 1127 1400 1864 1393 1418 1356 1341 1522 1385 1057 1872 1391 1432 1626 1018 1507 1053 1443 1743 1100 1056 1282 1421 1068 1000 1102 1001 1275 1724 1471 1816 BCNSPRNW ULIB Ver.6.0+V

เปลี่ยนเป็นภาษาไทย

Change to English
 แสดงรายละเอียดบรรณานุกรม
  กลับหน้าหลัก

Brief Record : Get Marc (ISO 2709) : E-mail record : QR code < ปิดหน้าต่าง
LEADER : 00000nam 2200000uu 4500
001    13399120756
003     ULIB
008    121012s2553||||th 000 0 tha d
020    ^a9786167375359
060 04 ^aWL704^bช353ม 2553
245 00 ^aมิติความหลากหลายทางวัฒนธรรมในการจัดการกับความปวด =^bMulticultural perspectives in pain management /^cชัชชัย ปรีชาไว, อนงค์ ประสาธน์วนกิจ, วงจันทร์ เพชรพิเชฐเชียร ; [บรรณาธิการ]
250    ^aพิมพ์ครั้งที่ 1
260    ^a สงขลา :^bหน่วยผลิตตำราคณะแพทยศาสตร์มหาวิทยาลัยสงขลานครินทร์,^c2553
300    ^a86 แผ่น :^bตาราง, ภาพประกอบ ;^c23 ซม.
650  4 ^aความเจ็บปวด
650  4 ^aความเจ็บปวด^xการจัดการ
650  7 ^aPain
650  7 ^aManagement
700 0  ^aชัชชัย ปรีชาไว,^eบรรณาธิการ
700 0  ^aอนงค์ ประสาธน์วนกิจ ,^eบรรณาธิการ
700 0  ^aวงจันทร์ เพชรพิเชฐเชียร,^eบรรณาธิการ
710 2  ^aมหาวิทยาลัยขอนแก่น. ^bคณะพยาบาลศาสตร์
945    ^p0^l0^i18539
945    ^p0^l0^i18540
995    ^aกัณชพร
999 ^a ใช้งานได้ทุกระบบ
รายการนี้ยังไม่มีแท็ก
คุณยังไม่ได้ล็อกอิน คุณสามารถมีกิจกรรมร่วมกับเว็บไซต์ได้ แต่ต้องล็อกอินก่อน ::
  ล็อกอิน

รายการสื่อสารสนเทศ

ลำดับที่ ประเภท เลขเรียก/บาร์โค้ด สถานที่ สถานะ
1. วิทยาศาสตร์การแพทย์ และสุขภาพ
วิทยาศาสตร์การแพทย์ และสุขภาพ
สถานะ=หนังสือเก่า
WL704 ช353ม 2553  
  Barcode: 18539
ห้องสมุดวิทยาเขตนครสวรรค์
►ส่วนจัดเก็บหนังสือเก่า นว.
บนชั้น
  ขอยืม
2. วิทยาศาสตร์การแพทย์ และสุขภาพ
วิทยาศาสตร์การแพทย์ และสุขภาพ
สถานะ=หนังสือเก่า
WL704 ช353ม 2553 ฉ.2 
  Barcode: 18540
ห้องสมุดวิทยาเขตนครสวรรค์
►ส่วนจัดเก็บหนังสือเก่า นว.
บนชั้น
  ขอยืม

รายการใกล้เคียง
    หัวเรื่อง [ความเจ็บปวด]
    หัวเรื่อง [Pain]
    หัวเรื่อง [Management]

BibComment


ยังไม่เคยถูกคอมเมนท์

คอมเมนท์ทรัพยากรรายการนี้
  คอมเมนท์: มิติความหลากหลาย..


 Copyright 2026. Bcnsprnw @Library